Crafts and craftsmanship : (Record no. 40288)

MARC details
000 -LEADER
fixed length control field 00892nam a22002297a 4500
005 - DATE AND TIME OF LATEST TRANSACTION
control field 2010080904534.0
010 ## - LCCN (DPL NO)
LC control number ENG-99050
020 ## - INTERNATIONAL STANDARD BOOK NUMBER
Terms of availability 700.00
035 ## - SYSTEM CONTROL NUMBER
System control number EN-82582
037 ## - SOURCE OF ACQUISITION
Source of stock number/acquisition DBAD/PUB
082 ## - DEWEY DECIMAL CLASSIFICATION NUMBER
Classification number 745.50954
245 ## - TITLE STATEMENT
Title Crafts and craftsmanship :
Remainder of title studies in traditional knowledge in India /
Statement of responsibility, etc edited by Lok Nath Soni [and] B. Franscis Kulirani
260 ## - PUBLICATION, DISTRIBUTION, ETC. (IMPRINT)
Place of publication, distribution, etc Kolkata
Name of publisher, distributor, etc Anthropological Survey of India
Date of publication, distribution, etc 2009
270 ## - ADDRESS
Address 27 Jawaharlal Nehru Road
City Kolkata
Postal code 700016
300 ## - PHYSICAL DESCRIPTION
Extent V.1 (320p.)
Dimensions 24cm (Hb)
Accompanying material b&w photos
650 ## - SUBJECT ADDED ENTRY--TOPICAL TERM
Topical term or geographic name as entry element Handicraft-India
650 ## - SUBJECT ADDED ENTRY--TOPICAL TERM
Topical term or geographic name as entry element Workmanship
700 ## - ADDED ENTRY--PERSONAL NAME
Personal name Soni, Lok Nath
9 (RLIN) 9165
700 ## - ADDED ENTRY--PERSONAL NAME
Personal name Kulirani, B. Francis
9 (RLIN) 9166
942 ## - ADDED ENTRY ELEMENTS (KOHA)
Source of classification or shelving scheme Dewey Decimal Classification
Item type English Books
Classification part 745.50954
Call number suffix CRA
Holdings
Withdrawn status Lost status Materials specified (bound volume or other part) Not for loan Collection code Home library Current library Date acquired Source of acquisition Cost, normal purchase price Full call number Barcode Copy number Cost, replacement price Koha item type Public note
    V.1 Not For Loan Non-fiction D.B.Act.Division D.B.Act.Division 09/08/2010 DBAD/PUB 700.00 745.50954 CRA EN-82582 1 700.00 English Books V.1

© Delhi Public Library
Hit Counter
free hit counter